Регионална библиотека "Любен Каравелов" - Русе

За демокрацията и нейното българско приключение (Запис номер 155237)

MARC детайли
000 -Лидер
Контролно поле с фиксирана дължина 01590nam a2200373 c 4500
003 - Код на организацията, давaща контролен номер
Контролно поле BLK
005 - Дата и час на последна редакция
Контролно поле 20191007150318.0
008 - Елементи от данни с фиксирана дължина
fixed length control field 180410b bul|||||r ||||||| ||bul||
010 ## - Наследен системен номер
LC control number KNG00161911000
020 ## - Международен стандартен номер на книга ISBN
Международен стандартен номер на книга ISBN 978-619-90181-1-8
-- издат.: Пескадо
040 ## - Източник на каталожния запис
Идентификатор на билиотеката - собственик на записа BLK
041 ## - Код за език
Код за езика на текст/звукозапис или на отделно заглавие Български
Код за езика КДБФ Български
072 #7 - Код за тематичната категория
Код организация bullib
Код за тематична категория Н32
Текст Политика Н
080 ## - УДК
Текстов определител УДК Вътрешна политика. Вж и 329
УДК код - определител по УДК 323
УДК определител (497.2)
УДК - код + определител 323(497.2)
100 1# - Редна дума - Автор
Автор Георгиев, Пламен
Авторска отговорност първи автор
Автор - информация (биография) Димитров, Пламен Георгиев
R(LIN) 369370
139 ## - Редно поле
Редна дума Георгиев, Пламен
Авторски знак Георгиев - Г 37
245 10 - Сведения за заглавието
Заглавие За демокрацията и нейното българско приключение
Редно поле (дума) Пламен Георгиев; * Пламен Георгиев Димитров.
257 ## - Страна на издаване
Страна на създаване/издаване България
260 ## - Област на издателските данни
-- София
Име на издателя, разпространителя и проч. Пескадо
Година на издаване 2013
Печатница София : Алианс принт
300 ## - Физическа характеристика
Страници 448 с.
Размери/Мащаб 24 см
380 ## - Жанр
Жанр Обществени науки
500 ## - Общи забележки
Забележка Пълното име на авт. Пламен Георгиев Димитров.
650 #4 - Допълнително описание по предмет – тема
Основно описание – тема или топоним Преход от тоталитаризъм към демокрация - България
9 (RLIN) 245662
651 #4 - Допълнително описание по предмет - топоним
Географско понятие България
9 (RLIN) 241624
653 ## - Ключова дума – ненормативна
Ключова дума преходно общество
653 ## - Ключова дума – ненормативна
Ключова дума вътрешна политика
659 ## - Тематичен бюлетин
Тематичен бюлетин Н
700 1# - Други автори (авторска отговорност)
Лично име Димитров, Пламен Георгиев
Автороска отговорност (Описва отношението между автора и произведението) *
9 (RLIN) 332756
852 ## - Местоположение
Форматна сигнатура Цб 269292
856 4# - Електронен адрес и достъп
Електронен формат pdf - файл
Път до файла /url/
856 4# - Електронен адрес и достъп
Електронен формат pdf - файл
Път до файла /url/
942 ## - АРТИКУЛИ
Вид на библиотечния материал Книги
Скрит в OPAC Не
Koha issues (borrowed), all copies 2
944 ## - СЪЗДАВАНЕ И РЕДАКЦИЯ на ЗАПИСА
Създаване/Редакция Създаване
Дата на регистрацията/редакция 11.06.2014
Статус, дата на статуса ф /
Служител, извършил регистрацията/редакцията Людмила_Стоянова
944 ## - СЪЗДАВАНЕ И РЕДАКЦИЯ на ЗАПИСА
Създаване/Редакция Редакция
Дата на регистрацията/редакция 11.03.2015
Статус, дата на статуса ф /
Служител, извършил регистрацията/редакцията Пенка_Димитрова
999 ## - СИСТЕМНИ КОНТРОЛНИ НОМЕРА
Koha biblionumber 155237
Koha biblioitemnumber 155237
Наличности
Код за отписване Код за изгубен артикул Код за повреда Коз за рестрикции Код за отдаване Артикулен № Име на библиотеката - собственик Име на библиотеката, в която се намира в момента Статус (Текущо местоположение) Дата на вписване в системата Местоположение - отдел Цена в лева Инвентарен номер Систематично азбучна сигнатура Баркод Номер на екземпляра Цена в евро Служебна бележка Служебен тип на артикула
  Не е изгубен Не е повреден без рестрикции заемане за дома 260298 Регионална библиотека "Любен Каравелов" Русе Регионална библиотека "Любен Каравелов" Русе Заемна - подръчен фонд 2014-06-12 Заемна - подръчен фонд 18.00 120000778135 П 323(497.2)/Г 37 120000778135 1 9.20 Дост: Pk Вид: Ф N: 400 Дата: 09.06.2014 Дата инв: 02.02.2018 Бележки инв: П2018 Книги
  Не е изгубен Не е повреден без рестрикции ползва се в читалня 260299 Регионална библиотека "Любен Каравелов" Русе Регионална библиотека "Любен Каравелов" Русе Хранилище 2015-03-11 Хранилище 18.00 120000786256 Цб 269292 120000786256 2 9.20 Дост: Dp Вид: Д N: 31 Дата: 09.07.2014 Книги
Vip Innovations Ltd, Rousse, Bulgaria 2025